Представление документа в формате MARC21

Поле Инд. ПП Название Значение
Тип записи a
Библиографический уровень m
001 Контрольный номер b2138a76-578b-4fcf-98bc-7781ba47fd03
005 Дата корректировки 20131112022411.2
008 Кодируемые данные 20010201s?a aznnnabbn zn aan
020 a ISBN 5-13-009291-8 (в пер.)
c Цена, тираж 4.40
040 a Служба первич. каталог. RU-RKP
040 a Служба первич. каталог. НБ ТвГУ
041 a Код языка текста rus
080 a Индекс УДК 519.62-37
084 a Индекс другой классификации/Индекс ББК В193.2
090 x Авторский знак М76
a Полочн. индекс В193.2
100 1_ a Автор Молчанов Игорь Николаевич
245 0_ a Заглавие Машинные методы решения прикладных задач. Дифференциальные уравнения
c Ответственность И. Н. Молчанов ; АН УССР, Ин-т кибернетики им. В. М. Глушкова
260 0_ a Место издания Киев
b Издательство Наукова думка
c Дата издания 1988
300 a Объем 342, [1] с.
b Иллюстрации/ тип воспроизводства ил.
c Размеры 22 см
504 a Библиография Библиогр.: с. 337-343.
650 a Основная рубрика Дифференциальные уравнения
x Основная подрубрика Решение
x Основная подрубрика Численные методы
852 t Порядковый номер экземпляра 1
p Инвентарный номер 591791
999 a Подразделение 2 Фил3